Property management (Record no. 115911)

MARC details
000 -LEADER
fixed length control field 01656cad a2200373 4500
001 - CONTROL NUMBER
control field L159451
008 - FIXED-LENGTH DATA ELEMENTS--GENERAL INFORMATION
fixed length control field 040915s2016 000 0 eng u
020 ## - INTERNATIONAL STANDARD BOOK NUMBER
International Standard Book Number 9781315245843
035 ## - SYSTEM CONTROL NUMBER
System control number (Sirsi) u159451
041 ## - LANGUAGE CODE
Language code of text/sound track or separate title eng
050 ## - LIBRARY OF CONGRESS CALL NUMBER
Classification number 333.33068
-- 22
050 ## - LIBRARY OF CONGRESS CALL NUMBER
Classification number 658.2
-- 18
100 ## - MAIN ENTRY--PERSONAL NAME
Personal name Deakin, Mark
245 ## - TITLE STATEMENT
Title Property management
Remainder of title corporate strategies, financial instruments and the urban environment
Medium [electronic resource]
260 ## - PUBLICATION, DISTRIBUTION, ETC.
Place of publication, distribution, etc. Abingdon
Name of publisher, distributor, etc. Routledge
Date of publication, distribution, etc. 2016
300 ## - PHYSICAL DESCRIPTION
Extent ebook
505 ## - FORMATTED CONTENTS NOTE
Formatted contents note Property management
505 ## - FORMATTED CONTENTS NOTE
Formatted contents note Corporate strategies
505 ## - FORMATTED CONTENTS NOTE
Formatted contents note Financial instruments
505 ## - FORMATTED CONTENTS NOTE
Formatted contents note Computer-based information system, property management and the appraisal of land and buildings in the urban environment
505 ## - FORMATTED CONTENTS NOTE
Formatted contents note Sustainable urban development: the framework and directory of assessment methods
505 ## - FORMATTED CONTENTS NOTE
Formatted contents note Valuation, investment appraisal, discounting, obsolescence and depreciation: their impact on the urban environment
505 ## - FORMATTED CONTENTS NOTE
Formatted contents note Evaluating the development of sustainable communities
520 ## - SUMMARY, ETC.
Summary, etc. Examines the development of property management in terms of the corporate strategies and financial instruments used to appraise the land and buildings in the urban environment. Bibliography.
650 ## - SUBJECT ADDED ENTRY--TOPICAL TERM
Topical term or geographic name entry element SUSTAINABLE DEVELOPMENT
650 ## - SUBJECT ADDED ENTRY--TOPICAL TERM
Topical term or geographic name entry element FINANCIAL INSTRUMENTS
650 ## - SUBJECT ADDED ENTRY--TOPICAL TERM
Topical term or geographic name entry element SUSTAINABLE COMMUNITIES
650 ## - SUBJECT ADDED ENTRY--TOPICAL TERM
Topical term or geographic name entry element URBAN ENVIRONMENT
650 ## - SUBJECT ADDED ENTRY--TOPICAL TERM
Topical term or geographic name entry element PROPERTY-PROPERTY APPRAISAL AND VALUATION
651 #4 - SUBJECT ADDED ENTRY--GEOGRAPHIC NAME
Geographic name ENGLAND AND WALES
690 ## - LOCAL SUBJECT ADDED ENTRY--TOPICAL TERM (OCLC, RLIN)
Topical term or geographic name as entry element Property management
9 (RLIN) 6262
856 40 - ELECTRONIC LOCATION AND ACCESS
Uniform Resource Identifier <a href="https://www.vlebooks.com/">https://www.vlebooks.com/</a>
Public note View on VLEbooks. Logins for members only from [email protected]
942 ## - ADDED ENTRY ELEMENTS (KOHA)
Suppress in OPAC 0
Holdings
Withdrawn status Lost status Source of classification or shelving scheme Damaged status Not for loan Home library Current library Shelving location Date acquired Total Checkouts Full call number Barcode Date last seen Copy number Price effective from Koha item type
    Dewey Decimal Classification     Virtual Virtual Online 25/07/2017   ONLINE PUBLICATION 159451-2001 06/08/2019 1 06/08/2019 Book